| 000 | 00464cam a2200169 i 4500 | ||
|---|---|---|---|
| 020 | _a0070727619 | ||
| 040 | _cDLC | ||
| 082 | 0 | 0 | _a621 GRE 1976 A044 Or. |
| 100 | 1 | _aZbar, Paul B., | |
| 245 | 1 | 0 |
_aBasic electronics : _ba text-lab manual / |
| 250 | _a4th ed. | ||
| 260 |
_aNew York : _bGregg Division, McGraw-Hill, _cc1976. |
||
| 300 |
_axiv, 305 p. : _bill. ; _c28 cm. |
||
| 490 | 0 | _aBasic electricity-electronics series | |
| 650 | 0 | _aElectronics. | |
| 942 | _cEK | ||
| 999 |
_c12980 _d12980 |
||